|
|
|
|
| LEADER |
00756nam a2200205Ia 4500 |
| 008 |
241007s9999||||xx |||||||||||||| ||und|| |
| 020 |
|
|
|a 978-99924-77-11-3
|
| 040 |
|
|
|a BIBLIOTECA-RURC/ 378.1 C352
|
| 041 |
|
|
|a spa
|
| 082 |
|
|
|a 378.1 C352
|
| 100 |
1 |
|
|a Castilla Urbina, Miguel de
|
| 245 |
1 |
0 |
|a La reforma universitaria, Troya y mi idea de la universidad
|
| 260 |
|
|
|a Managua
|b Lea Grupo
|c 2008
|
| 300 |
|
|
|a 242 p. :il.
|
| 650 |
7 |
|
|a ESTRUCTURAS ACADEMICAS Y MODELOS ACADEMICOS UNIVERSITARIOS
|
| 650 |
7 |
|
|b LA SOCIEDAD DEL CONOCIMIENTO Y LAS PRINCIPALES REGULARIDADES DEL CAMBIO EN LA UNIVERSIDAD
|
| 650 |
7 |
|
|c LA INVESTIGACIÓN Y LA ENSEÑANZA UNIVERSITARIA EN EL CONTEXTO DE LA SOCIEDAD DEL CONOCIMIENTO
|
| 942 |
|
|
|c BK
|2 ddc
|
| 991 |
|
|
|a TEXTO
|
| 999 |
|
|
|c 14317
|